| 000 | 00485nam a2200157Ia 4500 | ||
|---|---|---|---|
| 008 | 210716s2010 xx 000 0 und d | ||
| 020 | _a9789350230428 | ||
| 041 | _aeng | ||
| 082 | _a004.60411 NOBJ | ||
| 100 | _aNoble, Joshua; Anderson, Todd; Braithwaite, Garth; Casario, Marco; Tretola, Rich. | ||
| 245 | _aFlex 4 cookbook. | ||
| 250 | _a1 | ||
| 260 |
_aNew Delhi _bShroff Publishers and Distributors Pvt Ltd _c2010 |
||
| 300 | _axxi,736,22 | ||
| 650 | _aWeb Design & Development | ||
| 999 |
_c191127 _d191127 |
||